Normal view MARC view
  • Independence Day (Malaysia)

Entry Topical Term

Number of records used in: 1

001 - CONTROL NUMBER

  • control field: 7766

003 - CONTROL NUMBER IDENTIFIER

  • control field: OSt

005 - DATE AND TIME OF LATEST TRANSACTION

  • control field: 20170524124908.0

008 - FIXED-LENGTH DATA ELEMENTS

  • fixed length control field: 170524|| aca||aabn | a|a d

040 ## - CATALOGING SOURCE

  • Original cataloging agency: OSt
  • Transcribing agency: OSt

150 ## - HEADING--TOPICAL TERM

  • Topical term or geographic name entry element: Independence Day (Malaysia)
  • Form subdivision: Fiction

670 ## - SOURCE DATA FOUND

  • Source citation: Work cat.: (OSt)0: Mana Sikana, 1945- 7765, Merdeka! Merdeka! /, 1982
Pusat Sumber Maklumat Dato' Haji Sarmin Md Hussin, Akademi Kastam Diraja Malaysia, Melaka
Tel: 06-2331106 | Faks: 06-2313787